000 01034nam a22003137a 4500
001 BR0604566
003 BR-BrBNA
005 20230928102310.0
007 ta
008 230509b bl.||||| |||| 00| 0 por d
040 _aBR-BrBNA
_bpor
_cBiblioteca Nacional de Agricultura
041 _a(Por)
072 _aQ04
_b9537
090 _ 9537 BR0604566
100 1 _aCardoso, L.G.V.
110 1 _aUniversidade Federal de Lavras, MG (Brasil)
_0Tese (Mestrado)
245 1 _aCaracterísticas físico-químicas e avaliação do perfil de ácidos graxos de azeites obtidos de diferentes variedades de oliveiras introduzidas em Minas Gerais-Brasil
260 3 _aLavras, MG (Brasil):
_c2006.
300 _a69 p.
500 _aSummaries (Eng, Por); Bibliography p. 51-58; 6 tables; 7 illus.
650 _aAZEITE
650 _aAZEITONA
650 _aÁCIDO GRAXO
650 _aVARIEDADE
650 _aPROPRIEDADE FÍSICO-QUÍMICA
650 _aPROPRIEDADE ORGANOLÉPTICA
909 _a202309
_bLucia
_c55
_dLucia Elande
942 _cBK
999 _c70071
_d70071